00000000nam 2200000za 4500
0019.614334
003CaOODSP
00520220825092405
007ta
008150406|1998||||xxc|||||     f|0| 0 eng d
020 |a0-662-26669-2
040 |aCaOODSP|beng
043 |an-cn---
0861 |aEn153-97/1998-2-1E
1102 |aSt. Lawrence Centre.
24510|aFluctuating water levels in the St. Lawrence River
260 |aMontreal - Quebec : |bEnvironment Canada. |c1998.
300 |a15p. : |billus., map, tables ; |c22 cm.
4901 |aState of the St. Lawrence River
504 |aBibliography.
563 |aSoftcover
590 |a01-51|b2001-12-28
69007|aWaterways|2gcpds
69007|aWater management|2gcpds
69007|aRivers|2gcpds
77508|tLes fluctuations des niveaux d'eau du Saint-Laurent |w(CaOODSP)9.624691
7760#|tFluctuating water levels in the St. Lawrence River |w(CaOODSP)9.571510
830#0|aState of the St. Lawrence River.|w(CaOODSP)9.514555